000 00486ntaaa2200193 4500
003 01
005 20251027202625.0
008 0714s1973 ag 01
040 _aAR-BaBN
_bspa
_cAR-BaBN
_eaacr
_dRIC
082 _a371.0000 S913
100 _aStrayer, George Drayton
_925529
245 _aHow to teach
250 _a1 ed.
260 _aNew York :
_bMacmillan Company,
_c1917
300 _avii, 297 p
650 _aenseƱanza
_92886
700 _aNorsworthy, Naomi
_925530
942 _cBK
999 _c21387
_d21387